| 000 | 00527nam a22001937a 4500 | ||
|---|---|---|---|
| 003 | MPLRDC | ||
| 005 | 20220104144533.0 | ||
| 008 | 210129b ||||| |||| 00| 0 eng d | ||
| 020 | _a7-300-03607-4 | ||
| 082 | _a140.7 ZZW | ||
| 100 | _a张志伟、李秋零等著 | ||
| 245 |
_a西方哲学智慧 _c |
||
| 250 | _a初版 | ||
| 260 |
_a _b中国人民大学出版社 _c2000 |
||
| 300 | _b平 | ||
| 490 | _a21世纪素质教育系列教材, 文化素质课系列 | ||
| 650 | _a西洋哲学总论 | ||
| 942 |
_cBK _o140.7 ZZW |
||
| 999 |
_c50590 _d50580 |
||